000 00648nam a2200193Ia 4500
003 GCL
008 140319s9999 xx 000 0 ara d
020 _a4093339977
040 _aGCL /
_cGCL
082 0 4 _a811.84
_bز ش
100 1 _aزينب ابوسنة
245 1 0 _aالشعر النسائى العثمانى /
_cزينب ابوسنة
250 _aالاولى
260 _aالقاهرة :
_bالدار الثقافية للنشر ،
_c2002
300 _a207 ص ؛
_c24 سم
650 0 4 _aالشعر العربى - تاريخ ونقد
650 0 4 _aالشعر العربى - تاريخ - العصر العثمانى
942 _2ddc
_cBK
999 _c5126
_d5126